Guess the 10 smartest countries by average IQ (2019) - Statistics

General Stats
  • This quiz has been taken 64 times
  • The average score is 5 of 10
Answer Stats
Hint Answer % Correct
1. Japan - 106.49
93%
5. China - 104.10
88%
6. South Korea - 102.35
71%
3. Singapore - 105.89
59%
10. Netherlands & Germany (tie) - 100.74
57%
2. Taiwan - 106.47
55%
8. Finland - 101.20
39%
4. Hong Kong - 105.37
16%
7. Belarus - 101.60
9%
9. Liechtenstein - 101.07
5%
No matching quizzes found
Score Distribution
Percent of People with Each Score
Percentile by Number Answered
Your Score History
You have not taken this quiz